| 000 | 00799nas a2200289 4500 | ||
|---|---|---|---|
| 001 | BR9803505 | ||
| 003 | BR-BrBNA | ||
| 005 | 20231205100824.0 | ||
| 007 | ta | ||
| 008 | 230509b bl.|||p| |||| 00| 00por d | ||
| 040 |
_aBR-BrBNA _bpor _cBiblioteca Nacional de Agricultura |
||
| 041 | _a(Pt) | ||
| 072 | _aL40 | ||
| 100 | 1 | _aMiranda Neto, M.H. | |
| 100 | 1 | _aMelo, S.R. | |
| 100 | 1 | _aGonegero, C.I. | |
| 100 | 1 | _aGoncales, D.M. | |
| 245 | 1 | _aAspectos macro e microscopicos das veias renais de suinos | |
| 650 | _aSUÍNO | ||
| 650 | _aVeia | ||
| 650 | _aRim | ||
| 650 | _aVeterinaria | ||
| 650 | _aAnatomia Animal | ||
| 773 | 0 |
_tRevista Unimar (Brazil) _xISSN 0100-9354 _g(Aug 1994), v. 16(2) p. 373-382 _wBR9803505 |
|
| 909 |
_a202311 _bLúcia _c55 _dLúcia Elande |
||
| 942 |
_2AGRIS _n0 _cANA |
||
| 999 |
_c158289 _d158289 |
||